| 000 | 00485nam a22001577a 4500 | ||
|---|---|---|---|
| 005 | 20251108171732.0 | ||
| 008 | 250721s2002 xx 000 0 ara d | ||
| 082 | 1 | 4 | _a811.9/ناد |
| 100 | 1 | _aنادر، موسى | |
| 245 | 1 | 0 | _aأجمل رسائل الحب و العشق و الغرام / |
| 264 | 1 |
_aعمان : _bدار الإسراء للنشر و التوزيع، _c2002. |
|
| 300 | _a72ص. | ||
| 650 | 1 | 7 | _aالرسائل الغرامية |
| 942 |
_2ddc _cBK |
||
| 999 |
_c61166 _d61166 |
||